000 00686nam a2200289Ia 4500
005 20260324140306.0
008 008 260324s9999 xx 000 0 eng d
020 _a9781003075950
037 _aEBOOK
040 _aCRL
040 _beng
040 _cCRL
041 _2eng
041 _aeng
084 _qCRL
100 _aFan Chung; At&T Labs; Ron Graham
_91203839
245 0 _aErdös on Graphs
245 0 _bHis Legacy of Unsolved Problems
260 _bTaylor and Francis
260 _c1999
365 _a
365 _b210
856 _uhttp://www.taylorfrancis.com/books/9781003075950
942 _cEBOOK
999 _c1805777
_d1805777